| 000 | 03153cam a22004574i 4500 | ||
|---|---|---|---|
| 003 | PE-LiUPU | ||
| 005 | 20250731165437.0 | ||
| 008 | 160523s2016 pe a grm 000 0 spa d | ||
| 035 | _a(Sirsi) a156798 | ||
| 040 |
_aPE-LiUPU _bspa _cPE-LiUPU _erda |
||
| 099 |
_aTEF 2 _bM53 2016 |
||
| 100 | 1 |
_aMichue Mesares, Danixa Stefania _eautor |
|
| 245 | 1 |
_aEfectividad del programa "cuidando lo que más amo" en la mejora del nivel de conocimiento, actitudes y prácticas sobre la alimentación saludable en los padres de niños de 4 y 5 años de la I.E. Jardín de Niños N° 115, Chaclacayo, Lima, 2015 / _cDanixa Stefania Michue Mesares. |
|
| 264 | 0 | _c2016. | |
| 300 |
_a173 hojas : _bilustraciones; _c30 cm |
||
| 336 |
_atext _2rdacontent |
||
| 337 |
_aunmediated _2rdamedia |
||
| 338 |
_avolume _2rdacarrier |
||
| 502 |
_aTesis _b(Lic.) -- _cUniversidad Peruana Unión, _d2016. |
||
| 504 | _aIncluye bibliografía | ||
| 520 | 3 | _aObjetivo: Fue determinar la efectividad del programa "Cuidando lo que más amo" en la mejora del nivel de conocimientos, actitudes y prácticas sobre la alimentación saludable en los padres de niños de 4 y 5 años de la I.E. Jardín de niños N° 115, Chaclacayo. Metodología y métodos: Estudio de diseño pre experimental, de enfoque cuantitativo y corte longitudinal, se aplicó el pretest y postest. Se utilizó muestreo no probabilístico de conveniencia y estuvo conformado por 30 padres de niños de 4 y 5 años. El programa fue organizado en doce sesiones educativas teóricas prácticas. Los instrumentos utilizados fueron tres diferentes cuestionarios, para medir el nivel de conocimientos (Mamani, 2011), el nivel de actitud (Marrufo, 2012), el nivel de práctica (Sánchez, 2012), los cuales cumplen con los criterios de validez y confiabilidad. Resultados: Antes de aplicar el programa, el 60% obtuvo un nivel de conocimiento regular sobre alimentación saludable, después del programa el 90% obtuvo un conocimiento bueno (p=000), en cuanto a las actitudes, antes del programa el 96.7% presentó actitudes positivas y después al 100%. Se evidenció cambios en los ítems de respuesta, antes predominaba la respuesta indiferente 76.7% y después el 100% de acuerdo (p=.000), y en el nivel de prácticas antes presentaron un 100% prácticas deficientes y después el 70% obtuvo un nivel de práctica entre bueno y regular (p=.000). Conclusiones: El programa educativo "Cuidando lo que más amo" fue efectivo, mejoró el nivel de conocimientos, actitudes y práctica en los padres de niños de 4 y 5 años. | |
| 526 | _aSEG44 | ||
| 526 | _aSEG26 | ||
| 526 | _aP151 | ||
| 526 | _aP150 | ||
| 526 | _aP149 | ||
| 526 | _aP146 | ||
| 526 | _aP145 | ||
| 526 | _aP126 | ||
| 526 | _aP125 | ||
| 526 | _aP92 | ||
| 526 | _aP75 | ||
| 526 | _aP74 | ||
| 526 | _aP27 | ||
| 526 | _aP15 | ||
| 650 | 0 | 4 |
_aPadres _xHábitos alimentarios _vTesis. |
| 700 | 1 |
_aRamirez Luque, Lucero Nataly _eautor |
|
| 596 | _a1 | ||
| 942 |
_2ddc _cTESIS |
||
| 999 |
_aTEF 2 M53 2016 _wALPHANUM _c9448 _iT01941 _lCCODEBUL3 _mBUL _r1 _sY _tTESIS _u2016-5-23 _xSALUD _PP22 _o.STAFF. Tesis _d9448 |
||
| 980 |
_81 _gALBERTO SANCHEZ Responsable de Automatización |
||